Programming in C (Record no. 1077)

MARC details
000 -LEADER
fixed length control field 00447 a2200181 4500
001 - CONTROL NUMBER
control field 067093
003 - CONTROL NUMBER IDENTIFIER
control field OSt
005 - DATE AND TIME OF LATEST TRANSACTION
control field 20211028153631.0
008 - FIXED-LENGTH DATA ELEMENTS--GENERAL INFORMATION
fixed length control field
082 ## - DEWEY DECIMAL CLASSIFICATION NUMBER
Classification number 005.133
Item number D53P
100 1# - MAIN ENTRY--PERSONAL NAME
Personal name Dey, Pradip
245 1# - TITLE STATEMENT
Title Programming in C
Statement of responsibility, etc by Pradip Dey and Manas Ghosh
260 ## - PUBLICATION, DISTRIBUTION, ETC. (IMPRINT)
Place of publication, distribution, etc New Delhi
Name of publisher, distributor, etc Oxford
300 ## - PHYSICAL DESCRIPTION
Extent 779p.
690 ## - LOCAL SUBJECT ADDED ENTRY--TOPICAL TERM (OCLC, RLIN)
Topical term or geographic name as entry element C (Computer program language)
700 ## - ADDED ENTRY--PERSONAL NAME
Personal name Ghosh, Manas
942 ## - ADDED ENTRY ELEMENTS (KOHA)
Source of classification or shelving scheme Dewey Decimal Classification
Koha item type Books
Holdings
Withdrawn status Lost status Source of classification or shelving scheme Damaged status Not for loan Collection code Home library Current library Date acquired Source of acquisition Cost, normal purchase price Total Checkouts Full call number Barcode Date last seen Date checked out Price effective from Koha item type
    Dewey Decimal Classification     General Text Book Central University Of Rajasthan Central University Of Rajasthan 07/03/2012 CSC 385.00 9 005.133 D53P 1379 11/04/2025 25/03/2025 02/09/2020 Books